000 00290nam a22001337a 4500
008 170822b xxu||||| |||| 00| 0 eng d
020 _a9781269200189
041 _aeng
080 _a51
100 _a38
101 _aMAT
245 _aCOLLEGE ALGEBRA
_cHARSHBARGER.R.J
942 _2udc
_cBK
999 _c24504
_d24504